Status poslanca obecného zastupiteľstva.
Uvedenie zákonov, ktoré sú prameňom právnej úpravy postavenia poslanca obecného zastupiteľstva. Podmienenosť právneho postavenia poslanca charakterom poslaneckého mandátu a postavením obecného zastupiteľstva. Vysvetlenie obsahu mandátu poslanca. Základný princíp statusu poslanca.
Na minha lista:
| Autor principal: | |
|---|---|
| Formato: | Capítulo de Livro |
| Idioma: | eslovaco |
| Assuntos: | |
| Tags: |
Sem tags, seja o primeiro a adicionar uma tag!
|
MARC
| LEADER | 00000naa a2200000 4500 | ||
|---|---|---|---|
| 001 | r008000 | ||
| 005 | 20220831085631.9 | ||
| 041 | 0 | |a slo | |
| 044 | |a [CS] | ||
| 245 | 1 | 0 | |a Status poslanca obecného zastupiteľstva. |c S. Klementová |
| 520 | |a Uvedenie zákonov, ktoré sú prameňom právnej úpravy postavenia poslanca obecného zastupiteľstva. Podmienenosť právneho postavenia poslanca charakterom poslaneckého mandátu a postavením obecného zastupiteľstva. Vysvetlenie obsahu mandátu poslanca. Základný princíp statusu poslanca. | ||
| 610 | 2 | 0 | |a zastupiteľstvá obecné |
| 610 | 2 | 0 | |a správa miestna |
| 610 | 2 | 0 | |a poslanci |
| 610 | 2 | 0 | |a predpisy právne |
| 610 | 2 | 0 | |a zákony |
| 610 | 2 | 0 | |a obce |
| 610 | 2 | 0 | |a ČSFR |
| 100 | 1 | |a Klementová, S. | |